| 000 | 00635nam a2200217Ia 4500 | ||
|---|---|---|---|
| 003 | GCL | ||
| 008 | 140319s9999 xx 000 0 ara d | ||
| 040 |
_aGCL / _cGCL |
||
| 082 | 0 | 4 |
_a823 _bك و |
| 100 | 1 | _aسان انطونيو | |
| 245 | 1 | 0 |
_aوصلوا الى بغداد / _cسان انطونيو |
| 700 | 1 | _aموريس لوبلان | |
| 700 | 1 | _aدويل، ارثركونان | |
| 250 | _aالاولى | ||
| 260 |
_a[S.N] : _bصوت الناس ، _c1993 |
||
| 300 | _aمتعدد | ||
| 490 |
_aالسلسلة البوليسية _v0 |
||
| 650 | 0 | 4 | _aالقصص البوليسية |
| 650 | 0 | 4 | _aالقصص |
| 942 |
_2ddc _cBK |
||
| 999 |
_c55449 _d55449 |
||